Tilastot visalle Disney-elokuvat

Klikkaa tästä pelataksesi tätä visaa!

Yleistilastot

  • Tätä visaa on pelattu 782 kertaa
    (96 viimeisimmän päivityksen jälkeen)
  • Keskiarvotulos 38 / 89

Vastaustilastot

VuosiElokuva% Oikein
1950Tuhkimo
95%
1937Lumikki ja seitsemän kääpiötä
94%
2019Frozen 2
85%
2013Frozen-huurteinen seikkailu
85%
1959Prinsessa Ruusunen
85%
2010Kaksin karkuteillä
84%
1989Pieni merenneito
76%
1991Kaunotar ja hirviö
73%
1994Leijonakuningas
73%
1998Mulan
73%
1995Pocahontas
69%
2009Prinsessa ja sammakko
66%
1955Kaunotar ja kulkuri
65%
2016Vaiana
65%
1992Aladdin
63%
2006Autot
63%
2011Autot 2
63%
2017Autot 3
63%
1942Bambi
63%
1961101 dalmatialaista
61%
1940Pinocchio
61%
1995Toy story
58%
1999Toy story 2
58%
2010Toy story 3
58%
2019Toy story 4
58%
1970Aristokatit
56%
1981Topi ja Tessu
55%
1941Dumbo
50%
1967Viidakkokirja
50%
2012Urhea
47%
1996Notre Damen kellonsoittaja
45%
2021Encanto
44%
2015Inside out - mielen sopukoissa
42%
1940Fantasia
40%
1999Fantasia 2000
40%
1997Herkules
40%
2004Ihmeperhe
40%
2018Ihmeperhe 2
40%
2003Nemoa etsimässä
40%
1953Peter pan
40%
2012Räyhä-Ralf
40%
2018Räyhä-Ralf valloittaa internetin
40%
1999Tarzan
40%
1951Liisa Ihmemaassa
39%
2002Lilo ja Stitch
39%
1963Miekka kivessä
39%
1973Robin Hood
39%
2009Up-kohti korkeuksia
39%
1990Bernard ja Bianca Australiassa
37%
1977Pelastuspartio Bernard ja Bianca
37%
1986Basil Hiiri-mestarietsivät
35%
2003Karhuveljeni Koda
35%
1988Oliver ja kumppanit
35%
2001Monsterit Oy
34%
1977Nalle Puh
34%
2011Nalle Puhin elokuva
34%
2016Zootropolis
34%
2017Coco
32%
2004Lehmäjengi
32%
2008Bolt
31%
2023Toive
31%
2016Doria etsimässä
29%
2022Punainen
29%
2001Atlantis - kadonnut kaupunki
27%
1985Hiidenpata
27%
2014Big Hero 6
26%
2023Elemental
26%
1998Ötökän elämää
26%
2005Pikku Kananen
26%
2007Rottatouille
26%
2020Soul - sielun syövereissä
26%
2008WALL-E
26%
2021Raya ja viimeinen lohikäärme
24%
2000Dinosaurus
23%
2021Luca
23%
2000Keisarin uudet kuviot
21%
2002Aarreplaneetta
19%
1945Kolme caballeroa
19%
2013Monsterit-yliopisto
19%
1947Pennitön ja suruton
18%
2007Riemukas Robinsonin perhe
18%
2020Eteenpäin
16%
1946Iskelmäparaati
16%
2015Kunnon dinosaurus
15%
2022Lightyear
15%
1943Oppitunti
15%
2022Ihmeellinen maailma
13%
1949Herra Rupikonna ja Iisoppi Kurkinen
11%
1948Säveltuokio
11%

Tulosjakauma

Persentiili vastausten määrän mukaan

Jokaisen tuloksen saaneiden osuus

Tuloshistoriasi

Et ole pelannut tätä visaa sen viimeisimmän päivityksen jälkeen